书目信息 |
| 题名: |
现代食品发酵技术
|
|
| 作者: | 王福源 主编 | |
| 分册: | ||
| 出版信息: | 北京 中国轻工业出版社 2004 |
|
| 页数: | 543页 | |
| 开本: | 20cm | |
| 丛书名: | ||
| 单 册: | ||
| 中图分类: | TS205.5 | |
| 科图分类: | ||
| 主题词: | 食品加工--发酵 | |
| 电子资源: | ||
| ISBN: | 7-5019-4359-1 | |
| 000 | 01053nam0 2200325 450 | |
| 000 | 01016nam0 2200313 450 | |
| 000 | 01013nam0 2200325 450 | |
| 000 | 00959nam0 2200301 450 | |
| 000 | 00944nam0 2200289 450 | |
| 000 | 00907nam0 2200277 45 | |
| 001 | TS2006030257 | |
| 005 | 20061207153642.84 | |
| 010 | @a7-5019-4359-1@dCNY45.00 | |
| 100 | @a20060829d2004 em y0chiy0110 ea | |
| 101 | 0 | @achi |
| 102 | @aCN@b110000 | |
| 105 | @ay a 000yy | |
| 200 | 1 | @a现代食品发酵技术@AXian Dai Shi Pin Fa Jiao Ji Shu@f王福源主编@FWang Fu Yuan Zhu Bian |
| 205 | @a2版 | |
| 210 | @a北京@c中国轻工业出版社@d2004@h2005.8重印 | |
| 215 | @a543页@d20cm | |
| 320 | @a有书目 | |
| 330 | @a本书分为四章。书中分别介绍了发酵饮料、酒的生产工艺、调味剂以及黄原胶等内容。 | |
| 606 | 0 | @a食品加工@x发酵 |
| 690 | @aTS205.5@v4 | |
| 701 | 0 | @a王福源@AWang Fu Yuan@4主编 |
| 801 | 0 | @aCN@b中图数据@c20061207 |
| 905 | @a10447@dTS205.5@e53=2 | |
| 现代食品发酵技术/王福源主编.-2版.-北京:中国轻工业出版社,2004(2005.8重印) |
| 543页;20cm |
| ISBN 7-5019-4359-1:CNY45.00 |
| 本书分为四章。书中分别介绍了发酵饮料、酒的生产工艺、调味剂以及黄原胶等内容。 |
| ● |
| 相关链接 |
|
|
|
|
正题名:现代食品发酵技术
索取号:TS205.5/53=2
 
预约/预借
| 序号 | 登录号 | 条形码 | 馆藏地/架位号 | 状态 | 备注 |
| 1 | 0605040 | 206050404 | 第二样本阅览室/ [索取号:TS205.5/53=2] | 在馆 | |
| 2 | 0605041 | 206050413 | 第三借阅区/ [索取号:TS205.5/53=2] | 在馆 |